| 000 | 00486pam a2200181 a 4500 | ||
|---|---|---|---|
| 020 | _a0256219982 | ||
| 040 | _cDLC | ||
| 082 | 0 | 0 | _a005 LRW 1996 A002 Or. |
| 100 | 1 | _aClifford, Sarah Hutchinson. | |
| 245 | 1 | 0 | _aSimply Windows 95 / |
| 246 | 3 | _aSimply Windows ninety-five | |
| 260 |
_aChicago : _bIrwin, _cc1996. |
||
| 300 |
_ax, 171 p. : _bcol. ill. ; _c28 cm. |
||
| 500 | _aIncludes index. | ||
| 650 | 0 | _aOperating systems (Computers) | |
| 700 | 1 | _aCoulthard, Glen J. | |
| 942 | _cEK | ||
| 999 |
_c16491 _d16491 |
||